Where will GPS technology take you? (Record no. 67342)

MARC details
000 -LEADER
fixed length control field 01094cam a2200253 4500
001 - CONTROL NUMBER
control field ABS64147
008 - FIXED-LENGTH DATA ELEMENTS--GENERAL INFORMATION
fixed length control field 000000n2001 000 0 eng u
035 ## - SYSTEM CONTROL NUMBER
System control number (Sirsi) u113119
100 ## - MAIN ENTRY--PERSONAL NAME
Personal name Harrington, A.
245 ## - TITLE STATEMENT
Title Where will GPS technology take you?
260 ## - PUBLICATION, DISTRIBUTION, ETC.
Date of publication, distribution, etc. 2001
490 ## - SERIES STATEMENT
Series statement GEOEurope
Volume/sequential designation 10(6) June 2001, 28(1)
520 ## - SUMMARY, ETC.
Summary, etc. Reports on how global positioning system (GPS) devices, already in use in in-car navigation systems, are set to enter the mass market with their introduction to the next generation of mobile phones and how these advances will be reflected in professional GPS applications. Suggests that, combined with personal digital assistants (PDAs) including pocket PCs and palm devices, GPS will move from data collection to real time spatial data verification.
590 ## - LOCAL NOTE (RLIN)
Local note ABS
650 ## - SUBJECT ADDED ENTRY--TOPICAL TERM
Topical term or geographic name entry element GPS MARKET
650 ## - SUBJECT ADDED ENTRY--TOPICAL TERM
Topical term or geographic name entry element ICT
650 ## - SUBJECT ADDED ENTRY--TOPICAL TERM
Topical term or geographic name entry element INFORMATION AND COMMUNICATION TECHNOLOGY
650 ## - SUBJECT ADDED ENTRY--TOPICAL TERM
Topical term or geographic name entry element MOBILE PHONES
650 ## - SUBJECT ADDED ENTRY--TOPICAL TERM
Topical term or geographic name entry element PALM COMPUTERS
650 ## - SUBJECT ADDED ENTRY--TOPICAL TERM
Topical term or geographic name entry element PERSONAL DIGITAL ASSISTANTS
650 ## - SUBJECT ADDED ENTRY--TOPICAL TERM
Topical term or geographic name entry element TELECOMMUNICATIONS
690 ## - LOCAL SUBJECT ADDED ENTRY--TOPICAL TERM (OCLC, RLIN)
Topical term or geographic name as entry element GEOMATICS-GPS
942 ## - ADDED ENTRY ELEMENTS (KOHA)
Suppress in OPAC 0
Holdings
Withdrawn status Lost status Source of classification or shelving scheme Damaged status Not for loan Home library Current library Shelving location Date acquired Total Checkouts Full call number Barcode Date last seen Copy number Price effective from Koha item type
    Dewey Decimal Classification     London London Journal article 18/06/2001   ABS64147 113119-1001 06/08/2019 1 06/08/2019 Journal article